000
00372nam a2200145Ia 4500
008
230718s9999 xx 000 0 und d
041
_a
Eng.
082
_a
174.3
_b
ملک-ق
100
_a
ملک، ارشاد ، احمد
245
0
_a
قانون اخلاقیات
260
_a
Pakistan
_b
منصور بک ھائوس
_c
2002
300
_a
112
650
_a
Law
999
_c
29516
_d
29516